[Event "HUN-chT 2019-20"]
[Site "Budapest"]
[Date "2019.11.16"]
[Round "1.18"]
[White "Kopasz, Robert"]
[Black "Balazs, Gabor"]
[Result "1/2-1/2"]
[WhiteElo "2351"]
[BlackElo "2388"]
[Annotator "ChessBase"]
[PlyCount "239"]
[EventDate "2019.11.16"]
[EventType "team-tourn"]
[EventCountry "HUN"]
[SourceTitle "playchess.com"]
[Source "ChessBase"]
[SourceQuality "1"]

1. c4 c6 2. Nf3 d5 3. g3 Bg4 4. Bg2 e6 5. O-O Nd7 6. cxd5 exd5 7. d3 Ngf6 8. Nc3 Be7 9. h3 Bh5 10. Rb1 a5 11. a3 O-O 12. g4 Bg6 13. Nh4 d4 14. Nxg6 hxg6 15. Na2 Nb6 16. e4 dxe3 17. fxe3 Qd6 18. Nc3 Bd8 19. Rf3 Bc7 20. Qe2 Nbd7 21. d4 Rae8 22. Bf1 Re7 23. Bd2 Rfe8 24. Qf2 Nf8 25. g5 Nd5 26. Nxd5 Qxd5 27. Rc1 Qxg5+ 28. Kh1 Qd5 29. Bc4 Qe4 30. Rg1 Ne6 31. Bc1 g5 32. Rg4 Qh7 33. Bxe6 Rxe6 34. Rxg5 Qe4 35. Qg2 g6 36. Rg4 Qd5 37. Bd2 R8e7 38. Rg5 Qa2 39. Bc1 Qb1 40. Rf1 Qe4 41. Rf3 Rd7 42. Rg4 Qd5 43. Bd2 Rde7 44. Rg5 Qa2 45. Bc1 Qb1 46. Rf1 Rd7 47. Kg1 Qe4 48. Rf3 Rd5 49. Rg4 Qd3 50. Qf1 Qxf1+ 51. Kxf1 f5 52. Rg2 Kf7 53. Bd2 Re4 54. Be1 c5 55. Rc2 Bb6 56. dxc5 Rxc5 57. Rxc5 Bxc5 58. Ke2 a4 59. Kd3 b5 60. Bd2 Bd6 61. Bc3 Rh4 62. Be1 Rc4 63. Bc3 Rh4 64. Be1 Re4 65. Bc3 Ke6 66. Rf1 Rh4 67. Rf3 Kd5 68. Be1 Rc4 69. Bc3 Re4 70. Rf1 Ke6 71. Bd4 Rh4 72. Rf3 g5 73. Bc3 Re4 74. Rf1 Bc5 75. Rf3 Be7 76. Rf1 Rh4 77. Rf3 Rc4 78. Rf1 Re4 79. Bd4 Rh4 80. Rf3 Bd6 81. Bc3 Bc5 82. Be1 Rc4 83. Bc3 Be7 84. Rf1 Re4 85. Rf3 Bf6 86. Rf1 Bd8 87. Bd4 Rh4 88. Rf3 Bf6 89. Bc3 Be5 90. Bxe5 Kxe5 91. Rg3 Kf6 92. Rf3 Kg6 93. Kc3 Rc4+ 94. Kd2 g4 95. hxg4 fxg4 96. Rf8 Kg5 97. Kd3 g3 98. e4 Kh4 99. Rh8+ Kg4 100. Rg8+ Kf3 101. Rf8+ Kg2 102. e5 Rc6 103. Rf6 Rc1 104. Kd2 Rc5 105. e6 Re5 106. Kd3 Kh3 107. Kd4 Re2 108. Rh6+ Kg4 109. Rg6+ Kf4 110. Kd5 g2 111. e7 Rxe7 112. Rxg2 Rc7 113. Rh2 Ke3 114. Rh4 Kd3 115. Rb4 Rh7 116. Kc6 Rh5 117. Rxb5 Rh6+ 118. Kb7 Kc2 119. Rb4 Rg6 120. Rxa4 1/2-1/2

[Event "HUN-chT 2019-20"]
[Site "Budapest"]
[Date "2019.11.16"]
[Round "1.19"]
[White "Krstulovic, Alex"]
[Black "Peczely, Sebastian Zsombor"]
[Result "1/2-1/2"]
[WhiteElo "2325"]
[BlackElo "2283"]
[Annotator "NA"]
[PlyCount "76"]
[EventDate "2019.11.16"]
[EventType "team-tourn"]
[EventCountry "HUN"]
[SourceTitle "playchess.com"]
[Source "ChessBase"]
[SourceQuality "1"]

1. d4 d5 2. c4 c6 3. Nf3 Nf6 4. Nc3 g6 5. cxd5 cxd5 6. Bf4 a6 7. e3 Bg7 8. Bd3 O-O 9. h3 Nc6 10. O-O h6 11. Ne5 Nd7 12. Nxd7 Qxd7 13. Qb3 e6 14. Na4 Qe7 15. Nb6 Ra7 16. Rfc1 Bd7 17. Rc3 f5 18. Qa3 Qd8 19. Nxd7 Qxd7 20. Rac1 Raa8 21. Qc5 g5 22. Bh2 f4 23. b4 e5 24. dxe5 Bxe5 25. R3c2 Bb8 26. Qc3 fxe3 27. fxe3 Ba7 28. Re1 Qe7 29. a3 Bxe3+ 30. Kh1 d4 31. Qb3+ Kh8 32. Rc5 Rae8 33. Bxa6 bxa6 34. Rxc6 Rf6 35. Rc5 Qe4 36. Qd5 Rfe6 37. Qxe4 Rxe4 38. Rd5 Kg7 1/2-1/2

[Event "HUN-chT 2019-20"]
[Site "Budapest"]
[Date "2019.11.16"]
[Round "1.20"]
[White "Gal, Tamas"]
[Black "Lazarne Vajda, Szidonia"]
[Result "1/2-1/2"]
[WhiteElo "2273"]
[BlackElo "2353"]
[Annotator "NA"]
[PlyCount "87"]
[EventDate "2019.11.16"]
[EventType "team-tourn"]
[EventCountry "HUN"]
[SourceTitle "playchess.com"]
[Source "ChessBase"]
[SourceQuality "1"]

1. d4 d5 2. Nf3 Nf6 3. Bf4 c5 4. e3 e6 5. c3 cxd4 6. exd4 Nh5 7. Bxb8 Rxb8 8. Bb5+ Ke7 9. Ne5 g6 10. g3 f6 11. Ng4 a6 12. Bd3 Bg7 13. Nd2 Re8 14. O-O Kf7 15. Qe2 e5 16. dxe5 fxe5 17. c4 e4 18. Bc2 Qg5 19. h3 Bxg4 20. hxg4 Nf6 21. cxd5 Nxg4 22. Nxe4 Qh5 23. Qf3+ Kg8 24. Qh1 Qxh1+ 25. Kxh1 Bxb2 26. Rab1 Nf6 27. Rxb2 Nxe4 28. Bxe4 Rxe4 29. Rb6 Rd4 30. d6 Rd8 31. Rxb7 R4xd6 32. Kg2 R8d7 33. Rb8+ Kg7 34. Rfb1 Rd2 35. R1b2 a5 36. R8b3 a4 37. Rxd2 Rxd2 38. Ra3 Rd4 39. Kf3 g5 40. Ke3 Rb4 41. Rd3 Rb2 42. Ra3 Rb4 43. Rd3 Rb2 44. Ra3 1/2-1/2

[Event "HUN-chT 2019-20"]
[Site "Budapest"]
[Date "2019.11.16"]
[Round "1.21"]
[White "Dankhazi, Andras"]
[Black "Szajbely, Zsigmond"]
[Result "0-1"]
[WhiteElo "2277"]
[BlackElo "2275"]
[Annotator "NA"]
[PlyCount "86"]
[EventDate "2019.11.16"]
[EventType "team-tourn"]
[EventCountry "HUN"]
[SourceTitle "playchess.com"]
[Source "ChessBase"]
[SourceQuality "1"]

1. d4 Nf6 2. c4 g6 3. g3 Bg7 4. Bg2 O-O 5. Nc3 d6 6. Nf3 Nbd7 7. O-O e5 8. e4 c6 9. h3 Qb6 10. Re1 exd4 11. Nxd4 Ng4 12. Nce2 Nge5 13. b3 Nc5 14. Be3 a5 15. Rb1 Re8 16. Rf1 h6 17. Qc2 Ned7 18. a3 Qc7 19. Nc3 Nf6 20. Rfe1 Qe7 21. f4 Nfd7 22. Bf2 Qf6 23. Nde2 Ne6 24. Rbd1 Bf8 25. f5 Nec5 26. b4 axb4 27. axb4 Na6 28. b5 Nac5 29. Nd4 Bg7 30. g4 Ne5 31. Bf1 Bd7 32. Kg2 Ra3 33. Ra1 Rxa1 34. Rxa1 h5 35. Be2 hxg4 36. hxg4 Qg5 37. Qc1 Qxc1 38. Rxc1 Ned3 39. Bxd3 Nxd3 40. Rd1 Nb2 41. Rc1 c5 42. Nb3 Bxc3 43. Rxc3 Rxe4 0-1

[Event "HUN-chT 2019-20"]
[Site "Budapest"]
[Date "2019.11.16"]
[Round "1.22"]
[White "Tubak, Daniel"]
[Black "Losonczi, Marcell"]
[Result "0-1"]
[WhiteElo "2213"]
[BlackElo "2254"]
[Annotator "NA"]
[PlyCount "70"]
[EventDate "2019.11.16"]
[EventType "team-tourn"]
[EventCountry "HUN"]
[SourceTitle "playchess.com"]
[Source "ChessBase"]
[SourceQuality "1"]

1. e4 e5 2. Nf3 Nc6 3. Bb5 a6 4. Ba4 Nf6 5. d4 Be7 6. d5 Na5 7. Qe2 b5 8. Bb3 d6 9. O-O O-O 10. Bd2 Nxb3 11. axb3 c6 12. dxc6 Qb6 13. c4 Qxc6 14. Nc3 Be6 15. Nd5 Bxd5 16. exd5 Qb7 17. Bg5 Rfc8 18. Rfc1 Rab8 19. Bxf6 Bxf6 20. Rc2 Be7 21. Nd2 f5 22. g4 Rf8 23. gxf5 Rxf5 24. Ne4 Rf4 25. Rd1 Qd7 26. Rd3 Rbf8 27. c5 dxc5 28. d6 Bh4 29. Rxc5 Rxe4 30. Qxe4 Bxf2+ 31. Kg2 Bxc5 32. Qd5+ Qf7 33. d7 Be7 34. Qxf7+ Kxf7 35. Rf3+ Bf6 0-1

[Event "HUN-chT 2019-20"]
[Site "Budapest"]
[Date "2019.11.16"]
[Round "1.23"]
[White "Molnar, Bela"]
[Black "Kelemen, David"]
[Result "1/2-1/2"]
[WhiteElo "2306"]
[BlackElo "2131"]
[Annotator "NA"]
[PlyCount "94"]
[EventDate "2019.11.16"]
[EventType "team-tourn"]
[EventCountry "HUN"]
[SourceTitle "playchess.com"]
[Source "ChessBase"]
[SourceQuality "1"]

1. e4 c5 2. Nf3 Nc6 3. Nc3 g6 4. d4 cxd4 5. Nxd4 Bg7 6. Be3 Nf6 7. Bc4 O-O 8. Bb3 a5 9. O-O a4 10. Nxa4 Nxe4 11. Nb5 Ra6 12. Qe2 Nf6 13. Rad1 d6 14. c4 Bd7 15. c5 d5 16. Nb6 e6 17. a4 Qb8 18. Rfe1 Be8 19. Qd2 Nd7 20. Bc2 Nxb6 21. cxb6 d4 22. Nxd4 Nxd4 23. Bxd4 Bxa4 24. Bxg7 Kxg7 25. Qd4+ e5 26. Rxe5 Kg8 27. b3 Bc6 28. Re3 Qc8 29. h3 Ra5 30. Be4 Bxe4 31. Rxe4 Rb5 32. Qe3 Qc6 33. b4 Rxb6 34. Rc1 Qd6 35. Rd4 Qf6 36. Rc7 Re6 37. Qf4 Qxf4 38. Rxf4 Rb6 39. g4 Rb5 40. Kf1 h6 41. h4 f5 42. g5 hxg5 43. hxg5 Rf7 44. Rc8+ Rf8 45. Rc7 Rf7 46. Rc8+ Rf8 47. Rc7 Rf7 1/2-1/2

[Event "HUN-chT 2019-20"]
[Site "Budapest"]
[Date "2019.11.16"]
[Round "1.24"]
[White "Valyi, Adel"]
[Black "Tancsa, Tamas"]
[Result "1/2-1/2"]
[WhiteElo "1878"]
[BlackElo "2089"]
[Annotator "NA"]
[PlyCount "65"]
[EventDate "2019.11.16"]
[EventType "team-tourn"]
[EventCountry "HUN"]
[SourceTitle "playchess.com"]
[Source "ChessBase"]
[SourceQuality "1"]

1. e4 e5 2. Nf3 Nc6 3. Bb5 a6 4. Ba4 Nf6 5. d3 d6 6. c3 g6 7. Nbd2 Bg7 8. h3 O-O 9. O-O b5 10. Bb3 d5 11. exd5 Nxd5 12. Ne4 h6 13. Bxd5 Qxd5 14. Bxh6 f5 15. Bxg7 Kxg7 16. Neg5 Rd8 17. Re1 Kf6 18. d4 exd4 19. Nh7+ Kg7 20. Nxd4 Kxh7 21. Nxc6 Qxd1 22. Raxd1 Rxd1 23. Rxd1 Be6 24. a3 Kg7 25. f4 Kf6 26. Kf2 a5 27. Nd4 Rb8 28. Re1 Bd5 29. Re5 c6 30. Nc2 Be4 31. Nd4 Bd5 32. Nc2 Be4 33. Nd4 1/2-1/2

[Event "HUN-chT 2019-20"]
[Site "Budapest"]
[Date "2019.11.16"]
[Round "1.25"]
[White "Almasi, Zoltan"]
[Black "Kozul, Zdenko"]
[Result "1-0"]
[WhiteElo "2687"]
[BlackElo "2593"]
[Annotator "TA"]
[PlyCount "117"]
[EventDate "2019.11.16"]
[EventType "team-tourn"]
[EventCountry "HUN"]
[SourceTitle "playchess.com"]
[Source "ChessBase"]
[SourceQuality "1"]

{[%evp 17,117,6,15,8,13,0,45,39,34,36,45,48,66,47,55,46,57,67,75,63,56,52,60,58,76,66,72,68,60,64,64,64,66,62,64,68,80,71,67,70,90,89,118,104,122,23,19,20,29,20,20,20,20,20,89,96,85,84,191,191,191,191,227,212,196,207,193,85,85,85,186,185,369,354,422,417,574,566,543,505,494,464,439,439,439,433,6540,404,5712,404,341,281,322,318,371,366,326,320,450,442,1762,1463]} 1. Nf3 Nf6 2. c4 g6 3. b3 Bg7 4. Bb2 O-O 5. g3 d6 6. Bg2 e5 7. d3 c5 8. O-O Nc6 9. Nc3 Ne8 10. Nd2 {A38: Symmetrical English vs ...g6: 4 Bg2 Bg7 5 Nf3 Nf6} f5 (10... Nc7 11. a3 a5 12. e3 Rb8 13. Nd5 b5 14. Qc2 Be6 15. Rae1 f5 16. f4 bxc4 17. dxc4 e4 18. Bxg7 Kxg7 {½-½ (70) Artemiev,V (2709)-Carlsen,M (2835) St Petersburg 2018}) 11. a3 h5 $146 ({Predecessor:} 11... Nc7 12. Nd5 Kh8 13. Bc3 Be6 14. Nxc7 Qxc7 15. b4 cxb4 16. axb4 Ne7 17. Nb3 d5 {1-0 (39) Kazak,M (2060)-Areshchenko,K Kiev 2001}) 12. Nd5 {White is slightly better.} h4 13. b4 hxg3 14. hxg3 Be6 15. Rb1 Rb8 16. Qa4 cxb4 17. axb4 a6 18. Bc3 Ne7 19. Nxe7+ Qxe7 20. b5 axb5 21. Qxb5 Nf6 22. c5 Nd5 $1 {[%cal Rd5c3]} 23. Bxd5 Bxd5 24. cxd6 Qe6 $1 25. e4 $36 {[%mdl 2048] White has the initiative.} Bc6 26. Qb3 Qxb3 27. Rxb3 Rbd8 28. Ba5 Rd7 29. Bc7 Kf7 30. Rb6 Rh8 31. f3 (31. Ra1 $16) 31... Bf8 $11 {White should prevent ...Rxc7!} 32. Nc4 Ke6 $1 33. exf5+ gxf5 34. Re1 Bg7 35. Kg2 Bf6 {[#]} (35... Rg8 $1 $11) 36. Nxe5 $1 $16 {[%mdl 512]} Bxe5 37. d4 $1 {[%mdl 64] Pin} Rdh7 (37... Kf6 $16 38. Rxe5 (38. dxe5+ Ke6 $16) 38... Ra8) 38. Rxe5+ $18 Kd7 {Hoping for ...Rh2+.} 39. Kf2 {Threatens to win with d5.} Rh2+ 40. Ke3 {aiming for d5.} Re8 41. Rxe8 Kxe8 {[%mdl 4096] Endgame KRB-KRB} 42. d5 (42. Rb1 $18) 42... Bxd5 $16 43. Rb5 Be6 (43... Re2+ $16 {is a better defense.} 44. Kf4 (44. Kxe2 Bc4+ 45. Ke3 Bxb5 $16) 44... Rd2) 44. Rxb7 $18 Bd7 $2 (44... Bd5 45. Rb5 Re2+ 46. Kf4 (46. Kxe2 Bc4+ 47. Ke3 Bxb5 $16) 46... Rd2 47. Rb8+ (47. Kxf5 Bxf3 48. g4 Kd7 $16) 47... Kd7 48. Rd8+ (48. Kxf5 Bxf3 49. g4 Rf2 $16) 48... Kc6) 45. Ba5 Rh6 46. Bb4 Rg6 47. Kf4 Kd8 48. Bc5 Kc8 49. Rc7+ Kd8 50. Ra7 Kc8 51. Bb4 Kd8 (51... Rf6 $142 52. Rc7+ Kd8) 52. Ra8+ Bc8 53. Ba5+ (53. Ke5 $142 f4 54. gxf4) 53... Kd7 54. Bc7 Rf6 55. Ra7 Ke6 56. Ra5 Kf7 57. Re5 {Strongly threatening Re7+.} Be6 (57... Kf8 $142 58. Ba5 Rf7) 58. Bd8 Rg6 {[#]} (58... Rh6 $142 59. Bh4 Rh7) 59. d7 $1 {Accuracy: White = 69%, Black = 41%.} 1-0

[Event "HUN-chT 2019-20"]
[Site "Budapest"]
[Date "2019.11.16"]
[Round "1.26"]
[White "Hracek, Zbynek"]
[Black "Kuzubov, Yuriy"]
[Result "1/2-1/2"]
[WhiteElo "2559"]
[BlackElo "2652"]
[Annotator "TA"]
[PlyCount "49"]
[EventDate "2019.11.16"]
[EventType "team-tourn"]
[EventCountry "HUN"]
[SourceTitle "playchess.com"]
[Source "ChessBase"]
[SourceQuality "1"]

{[%evp 15,49,28,37,33,38,34,32,46,50,22,28,21,28,18,89,85,87,70,130,118,175,166,138,111,92,93,127,0,0,0,0,0,0,0,0,0]} 1. e4 c6 2. d4 d5 3. Nc3 dxe4 4. Nxe4 Nf6 5. Nxf6+ exf6 6. c3 Bd6 7. Bd3 O-O 8. Ne2 Re8 9. Qc2 {B15: Caro-Kann: 3 Nc3: 3...g6 and 3...dxe4 4 Nxe4 Nf6 5 Nxf6+ exf6} h5 10. O-O (10. Be3 Nd7 11. Ng3 Bf4 12. O-O-O Bxe3+ 13. fxe3 Rxe3 14. Rde1 Rxe1+ 15. Rxe1 Nf8 16. Nxh5 {½-½ (36) Mamedov,R (2650)-Cheparinov,I (2667) Hengshui 2019}) 10... Qc7 11. h3 {White is slightly better.} Nd7 12. Bd2 Nf8 13. Rae1 Be6 14. c4 Qd7 $146 (14... g6 $11 {remains equal.}) ({Predecessor:} 14... Rad8 15. f4 c5 16. d5 {1-0 (36) Christiansen,J (2541)-Wall,T (2253) Douglas 2018}) 15. f4 $1 $16 {[%cal Rf4f5] Threatens to win with f5.} f5 {[#]} 16. g4 $1 {[%cal Rg4f5]} fxg4 ({Better is} 16... g6 $14) 17. f5 gxh3 (17... Bc7 $16) 18. fxe6 $18 Rxe6 19. Bf5 {[%mdl 64] Skewer} Rg6+ 20. Kh1 Rg2 {[#]} 21. Bxd7 ({White should try} 21. Rf2 $1 $16 Rxf2 22. Bxd7 Nxd7 23. Qd3) 21... Rh2+ $11 {The position is equal.} 22. Kg1 Rg2+ 23. Kh1 Rh2+ 24. Kg1 Rg2+ 25. Kh1 {Accuracy: White = 58%, Black = 55%.} 1/2-1/2

[Event "HUN-chT 2019-20"]
[Site "Budapest"]
[Date "2019.11.16"]
[Round "1.27"]
[White "Kravtsiv, Martyn"]
[Black "Hera, Imre Jr."]
[Result "0-1"]
[WhiteElo "2635"]
[BlackElo "2614"]
[Annotator "ChessBase"]
[PlyCount "140"]
[EventDate "2019.11.16"]
[EventType "team-tourn"]
[EventCountry "HUN"]
[SourceTitle "playchess.com"]
[Source "ChessBase"]
[SourceQuality "1"]

1. e4 e5 2. Bc4 Nf6 3. d3 c6 4. Nf3 d6 5. O-O Be7 6. Re1 O-O 7. a4 Nbd7 8. Nc3 h6 9. d4 Re8 10. Ba2 Qc7 11. h3 Nf8 12. d5 Ng6 13. Be3 c5 14. Bc4 Rf8 15. a5 Nh5 16. a6 Nhf4 17. axb7 Qxb7 18. b3 a6 19. Ne2 Bg5 20. Ng3 Qd7 21. Bf1 Qd8 22. Nf5 Ne7 23. Nxg5 hxg5 24. g3 Nxf5 25. exf5 Bxf5 26. gxf4 gxf4 27. Bc1 Qh4 28. Qf3 Bxc2 29. Rxa6 Rxa6 30. Bxa6 f5 31. Bf1 Rf6 32. Bg2 Rg6 33. Kh2 Qg5 34. Bxf4 exf4 35. Re8+ Kf7 36. Re6 Be4 37. Rxe4 fxe4 38. Qxe4 Qe5 39. Qf3 Kg8 40. Bf1 Qg5 41. Bg2 Qe5 42. Bf1 Rg5 43. Bd3 g6 44. h4 Rh5 45. Qg4 Qf6 46. Kh3 Kg7 47. Be4 Kh6 48. Bf3 Qf5 49. Qxf5 Rxf5 50. Kg4 Kg7 51. Be4 Rh5 52. Bf3 Kf6 53. Be4 Rh8 54. Bd3 Rh6 55. Bc2 Rh5 56. Be4 Kg7 57. Bf3 Kh6 58. Be4 Re5 59. Kxf4 Kh5 60. f3 Kxh4 61. Bxg6 Rxd5 62. Bf7 Rd4+ 63. Ke3 Kg5 64. Bg8 Kf5 65. Bh7+ Ke5 66. Be4 Rb4 67. f4+ Ke6 68. Bc2 Kd5 69. Bd1 Re4+ 70. Kf3 Kd4 0-1

[Event "HUN-chT 2019-20"]
[Site "Budapest"]
[Date "2019.11.16"]
[Round "1.28"]
[White "Nemeth, Miklos"]
[Black "Antal, Gergely"]
[Result "1/2-1/2"]
[WhiteElo "2487"]
[BlackElo "2562"]
[Annotator "ChessBase"]
[PlyCount "133"]
[EventDate "2019.11.16"]
[EventType "team-tourn"]
[EventCountry "HUN"]
[SourceTitle "playchess.com"]
[Source "ChessBase"]
[SourceQuality "1"]

1. e4 c5 2. Nf3 e6 3. d4 cxd4 4. Nxd4 Nc6 5. Nc3 Qc7 6. Be2 a6 7. O-O Nf6 8. Be3 Be7 9. f4 d6 10. Qe1 O-O 11. Qg3 Nxd4 12. Bxd4 b5 13. a3 Bb7 14. Kh1 Rad8 15. Rae1 Bc6 16. Bd3 Qd7 17. Nd1 Nh5 18. Qg4 Nf6 19. Qg3 Nh5 20. Qg4 e5 21. Qxh5 exd4 22. Rf3 Rfe8 23. Rh3 h6 24. Rg3 Kh8 25. Nf2 Bf8 26. f5 f6 27. Nh3 Bd5 28. Rd1 Bf7 29. Qh4 d5 30. Nf2 Qc6 31. Rg4 Re5 32. exd5 Bxd5 33. Nh3 Rde8 34. Nf4 Bf7 35. Qf2 Re3 36. Rh4 Bc5 37. Rf1 R8e5 38. Rh3 Qe8 39. Rxe3 dxe3 40. Qe2 Re7 41. Re1 Bd6 42. Qf3 Bxf4 43. Qxf4 Re5 44. b3 Bd5 45. Kg1 Bc6 46. Qd4 a5 47. h3 Kh7 48. Re2 Bd7 49. Kh2 Qe7 50. b4 axb4 51. axb4 Bc6 52. Kg1 Ba8 53. Kh2 Bc6 54. Kg1 Be8 55. Re1 Bf7 56. Qg4 Qa7 57. Kh2 Kh8 58. Qf4 Be8 59. Re2 Bc6 60. Re1 Bd7 61. Re2 Be8 62. Re1 Bh5 63. Qh4 Qc7 64. Qf4 Qa7 65. Qh4 Be8 66. Qf4 Bc6 67. Re2 1/2-1/2

[Event "HUN-chT 2019-20"]
[Site "Budapest"]
[Date "2019.11.16"]
[Round "1.29"]
[White "Kozak, Adam"]
[Black "Ruck, Robert"]
[Result "1/2-1/2"]
[WhiteElo "2524"]
[BlackElo "2526"]
[Annotator "ChessBase"]
[PlyCount "77"]
[EventDate "2019.11.16"]
[EventType "team-tourn"]
[EventCountry "HUN"]
[SourceTitle "playchess.com"]
[Source "ChessBase"]
[SourceQuality "1"]

1. Nf3 Nf6 2. g3 g6 3. b3 Bg7 4. Bb2 c5 5. c4 Nc6 6. Bg2 d6 7. O-O O-O 8. d4 cxd4 9. Nxd4 Bd7 10. Nc3 Qa5 11. Rc1 Rfc8 12. e3 Rab8 13. a3 a6 14. Re1 Qb6 15. c5 dxc5 16. Na4 Qa7 17. Nxc5 Be8 18. b4 Nxd4 19. Bxd4 b6 20. Nd3 Rxc1 21. Qxc1 Bb5 22. Nf4 g5 23. Ne2 Qd7 24. Qb2 Bc6 25. e4 b5 26. Be5 Rd8 27. Nd4 Bb7 28. Nf5 Qe6 29. h4 g4 30. Rc1 Bf8 31. Bxf6 Qxf6 32. Qxf6 exf6 33. Rc7 Bc8 34. Ne3 Be6 35. Nd5 f5 36. Nf6+ Kg7 37. Nh5+ Kg8 38. Nf4 Bc4 39. exf5 1/2-1/2

[Event "HUN-chT 2019-20"]
[Site "Budapest"]
[Date "2019.11.16"]
[Round "1.30"]
[White "Jankovic, Alojzije"]
[Black "Korpa, Bence"]
[Result "1-0"]
[WhiteElo "2537"]
[BlackElo "2546"]
[Annotator "ChessBase"]
[PlyCount "49"]
[EventDate "2019.11.16"]
[EventType "team-tourn"]
[EventCountry "HUN"]
[SourceTitle "playchess.com"]
[Source "ChessBase"]
[SourceQuality "1"]

1. d4 Nf6 2. c4 e6 3. Nc3 d5 4. Bf4 Be7 5. e3 O-O 6. a3 b6 7. Nf3 Bb7 8. Qc2 c5 9. Rd1 Nbd7 10. Be2 a6 11. O-O dxc4 12. Bxc4 b5 13. Ba2 Qb6 14. Bg5 Bxf3 15. gxf3 cxd4 16. exd4 Rac8 17. Rfe1 Rfe8 18. d5 exd5 19. Qf5 Bf8 20. Nxd5 Nxd5 21. Rxe8 Rxe8 22. Rxd5 Nf6 23. Rd7 Re2 24. Be3 Rxe3 25. Rxf7 1-0

[Event "HUN-chT 2019-20"]
[Site "Budapest"]
[Date "2019.11.16"]
[Round "1.31"]
[White "Szabo, Gergely-Andras-Gyula"]
[Black "Kovacs, Gabor"]
[Result "1-0"]
[WhiteElo "2534"]
[BlackElo "2457"]
[Annotator "ChessBase"]
[PlyCount "53"]
[EventDate "2019.11.16"]
[EventType "team-tourn"]
[EventCountry "HUN"]
[SourceTitle "playchess.com"]
[Source "ChessBase"]
[SourceQuality "1"]

1. e4 e5 2. Nf3 Nf6 3. Nxe5 d6 4. Nf3 Nxe4 5. Nc3 Nf6 6. d4 Be7 7. h3 O-O 8. Bd3 Re8 9. O-O Nbd7 10. Ne2 b6 11. Ng3 Bb7 12. Bg5 Bf8 13. c3 g6 14. Nh2 Qc8 15. Ng4 Nxg4 16. Qxg4 Bg7 17. Nf5 Bf6 18. Rae1 Qd8 19. Bd2 Nf8 20. Qg3 Qd7 21. Nh6+ Kg7 22. Ng4 Be7 23. Bh6+ Kh8 24. Qf4 f5 25. d5 Kg8 26. Qd4 Bh4 27. Bb5 1-0

[Event "HUN-chT 2019-20"]
[Site "Budapest"]
[Date "2019.11.16"]
[Round "1.32"]
[White "Kiss, Attila"]
[Black "Nayhebaver, Martin"]
[Result "1/2-1/2"]
[WhiteElo "2335"]
[BlackElo "2471"]
[Annotator "ChessBase"]
[PlyCount "52"]
[EventDate "2019.11.16"]
[EventType "team-tourn"]
[EventCountry "HUN"]
[SourceTitle "playchess.com"]
[Source "ChessBase"]
[SourceQuality "1"]

1. e4 c5 2. Nf3 d6 3. Bb5+ Nd7 4. d4 cxd4 5. Qxd4 a6 6. Bxd7+ Bxd7 7. O-O e5 8. Qd3 Rc8 9. c4 Qc7 10. b3 b5 11. Nfd2 Nf6 12. Nc3 Be6 13. Nd5 Nxd5 14. cxd5 Bd7 15. Ba3 Qa5 16. b4 Qb6 17. Rfc1 Rxc1+ 18. Bxc1 Be7 19. Nb3 f5 20. Be3 Qd8 21. exf5 O-O 22. g4 g6 23. Bh6 Rf6 24. Bg5 Rf8 25. Bh6 Rf6 26. Bg5 Rf8 1/2-1/2

[Event "HUN-chT 2019-20"]
[Site "Budapest"]
[Date "2019.11.16"]
[Round "1.33"]
[White "Torma, Robert"]
[Black "Borhy, Marcell"]
[Result "1/2-1/2"]
[WhiteElo "2429"]
[BlackElo "2228"]
[Annotator "NA"]
[PlyCount "175"]
[EventDate "2019.11.16"]
[EventType "team-tourn"]
[EventCountry "HUN"]
[SourceTitle "playchess.com"]
[Source "ChessBase"]
[SourceQuality "1"]

1. d4 d6 2. e4 Nf6 3. Nc3 e5 4. Nf3 Nbd7 5. Bc4 Be7 6. O-O Nb6 7. Bd3 exd4 8. Nxd4 O-O 9. a4 a5 10. Re1 Nfd7 11. Bf1 Re8 12. f4 Bf6 13. Be3 Nc5 14. Qf3 g6 15. b3 c6 16. Rad1 Qe7 17. Bf2 Nbd7 18. Bc4 Nb6 19. e5 dxe5 20. Nxc6 bxc6 21. Qxc6 Nxc4 22. Nd5 Bb7 23. Qxf6 Bxd5 24. Qxe7 Rxe7 25. Bxc5 Rd7 26. bxc4 Bc6 27. Rxd7 Bxd7 28. Rxe5 Bxa4 29. Bb6 Rc8 30. Rxa5 Rxc4 31. c3 Kf8 32. Bc5+ Ke8 33. Bd4 Bd7 34. Kf2 Rc8 35. Re5+ Kf8 36. Re2 h5 37. Be5 Ke7 38. Rd2 Rc6 39. Ra2 Ke6 40. Ke3 Bc8 41. g3 Ba6 42. Rb2 Kf5 43. Kf3 Bc4 44. h3 Bd5+ 45. Ke3 Ke6 46. g4 hxg4 47. hxg4 g5 48. Bd4 gxf4+ 49. Kxf4 Bc4 50. Rh2 Ra6 51. Rh6+ Kd7 52. Rh5 Ra1 53. Ke4 Be6 54. g5 Ra5 55. Bf6 Ra4+ 56. Ke3 Kc6 57. Rh8 Rg4 58. Rd8 Bf5 59. Kf3 Ra4 60. Bd4 Be6 61. Rb8 Kc7 62. Rb2 Ra6 63. Ke4 Ra1 64. Rb4 Ra2 65. c4 Rg2 66. Be3 Rg4+ 67. Bf4+ Kc6 68. Ra4 Kc5 69. Kf3 Rh4 70. Be3+ Kc6 71. Ra6+ Kb7 72. Rb6+ Kc7 73. c5 Rc4 74. Ke2 Bf5 75. Rf6 Bg6 76. Bf4+ Kd7 77. Rd6+ Ke7 78. Be3 Re4 79. Kd2 Re6 80. Rd4 Be4 81. Ra4 f6 82. gxf6+ Kxf6 83. Ra7 Ke5 84. Kc3 Bc6 85. Rf7 Kd5 86. Bd4 Rg6 87. Rf5+ Ke6 88. Re5+ {Kxe5} 1/2-1/2

[Event "HUN-chT 2019-20"]
[Site "Budapest"]
[Date "2019.11.16"]
[Round "1.34"]
[White "Lakos, Nikoletta"]
[Black "Hando, Vilmos"]
[Result "1-0"]
[WhiteElo "2218"]
[BlackElo "2379"]
[Annotator "NA"]
[PlyCount "51"]
[EventDate "2019.11.16"]
[EventType "team-tourn"]
[EventCountry "HUN"]
[SourceTitle "playchess.com"]
[Source "ChessBase"]
[SourceQuality "1"]

1. e4 c6 2. d4 d5 3. Nc3 dxe4 4. Nxe4 Bf5 5. Ng3 Bg6 6. Nh3 e6 7. Nf4 Ne7 8. c3 Nd5 9. h4 Nxf4 10. Bxf4 h6 11. Qb3 b6 12. O-O-O a5 13. a4 Bd6 14. Be5 b5 15. f4 O-O 16. Bd3 Bxd3 17. Rxd3 bxa4 18. Qxa4 Ra7 19. Nh5 f6 20. Qc4 Kh8 21. Qxe6 Bxe5 22. fxe5 fxe5 23. Qxe5 Re7 24. Qg3 Kh7 25. Re3 Rxe3 26. Qxg7# 1-0

[Event "HUN-chT 2019-20"]
[Site "Budapest"]
[Date "2019.11.16"]
[Round "1.35"]
[White "Kun, Gabor"]
[Black "Nagy, Bence"]
[Result "0-1"]
[WhiteElo "2284"]
[BlackElo "2358"]
[Annotator "NA"]
[PlyCount "114"]
[EventDate "2019.11.16"]
[EventType "team-tourn"]
[EventCountry "HUN"]
[SourceTitle "playchess.com"]
[Source "ChessBase"]
[SourceQuality "1"]

1. e4 c5 2. c3 d5 3. exd5 Qxd5 4. d4 g6 5. Na3 Bg7 6. Be3 cxd4 7. Nb5 Na6 8. Nf3 Nf6 9. Qxd4 O-O 10. Nxa7 Bg4 11. Ne5 Be6 12. Nb5 Rfd8 13. Qxd5 Nxd5 14. Bd4 Nf4 15. Nc4 Nxg2+ 16. Bxg2 Bxc4 17. Bxg7 Bxb5 18. Bd4 Nb4 19. O-O-O Nd3+ 20. Kb1 e5 21. Bb6 Rd7 22. b3 Ra6 23. Be3 f5 24. Bf1 Bc6 25. Bxd3 Rxd3 26. Rxd3 Bxh1 27. Rd7 f4 28. Bc5 Re6 29. Kc2 g5 30. c4 Bc6 31. Rd8+ Kf7 32. b4 b6 33. Bd6 g4 34. b5 Be4+ 35. Kc3 h5 36. c5 bxc5 37. Bxc5 h4 38. Rd7+ Kf6 39. Rd1 h3 40. Re1 Bb7 41. a4 e4 42. a5 e3 43. a6 Bxa6 44. bxa6 Rc6 45. Kb4 exf2 46. Bxf2 Rxa6 47. Bd4+ Kf5 48. Re5+ Kg6 49. Re1 Ra2 50. Re6+ Kg5 51. Re5+ Kh4 52. Rf5 Rxh2 53. Rxf4 Re2 54. Rf1 h2 55. Kc3 g3 56. Kd3 Re8 57. Rf7 Rd8 0-1